000 01227nab a22002177a 4500
999 _c6220
_d6220
003 OSt
005 20260126010234.0
008 190514b xxu||||| |||| 00| 0 spa d
040 _cPJ
100 _95660
_aZuccarini, Ayelén
245 1 0 _a Personas con discapacidad y sistemas de apoyo :
_buna intersección en (re)construcción /
_cAyelén Zuccarini.
300 _ap. 140-146
500 _aCita: TR LALEY AR/DOC/2111/2024.
505 _aSumario: I. Introducción.— II. Plataforma fáctica.— III. Ayer, hoy y mañana en el abordaje de la salud mental.— IV. Los apoyos desde una mirada sistémica.— V. Presencias con potencial transformador y ausencias destacables: el papel de abogadxs y magistradxs con perspectiva de derechos humanos.— VI. Conclusiones.
505 _tFallo comentado: JPaz, Mendoza ~ 12/04/2024 ~ ETI c. la adolescente A. G. X. s/ medida excepcional (control de legalidad).
650 0 _9967
_aDERECHO DE FAMILIA
650 0 _93271
_aPERSONAS CON DISCAPACIDAD
650 0 _91057
_aJURISPRUDENCIA APLICABLE
773 0 _02844
_93222
_dBuenos Aires : AbeledoPerrot, 1989-
_tDerecho de familia. Revista Interdisciplinaria de doctrina y jurisprudencia. Octubre 2024-V.
_z18511201
942 _2udc
_cANA